| 000 | 00921nam a2200265 i 4500 | ||
|---|---|---|---|
| 001 | bg | ||
| 100 | 1 | _aBELLETANTE, Bernard | |
| 245 | 1 | 0 |
_aGiełda - jej funkcjonowanie i rola w życiu gospodarczym / _cBernard Belletante ; przekł. [z fr.] Edward Niesyty ; weryfikacja terminologii naukowej Janusz J. Tomidajewicz. |
| 246 |
_iTyt. oryg.: _aLa bourse |
||
| 260 |
_aWarszawa : _bWydaw. Naukowe PWN, _c1996. |
||
| 300 |
_a231, [1] s. : _bwykr. ; _c21 cm. |
||
| 500 | _aOryg. : "La bourse" 1992. | ||
| 504 | _aBibliogr. s. 222-223. | ||
| 650 | 9 |
_aGiełda papierów wartościowych _zFrancja |
|
| 650 | 9 |
_aPapiery wartościowe _xinwestycje _zFrancja |
|
| 700 | 1 |
_aNIESYTY, Edward. _eTł. |
|
| 700 | 1 |
_aTOMIDAJEWICZ, Janusz J. _eOprac. |
|
| 020 | _a8301120347 | ||
| 040 | _cBPK | ||
| 041 | 1 |
_apol _hfre |
|
| 080 | _a336.74(44) | ||
| 920 | _a83-01-12034-7 | ||
| 942 | _cKS | ||
| 008 | s pl f |000 0 pol | ||
| 999 |
_c30974 _d30974 |
||
| 856 |
_uhttp://koha.tu.koszalin.pl/cgi-bin/koha/opac-detail.pl?biblionumber=30974 _yKatalog online BPK |
||